| 000 | 00458nam a2200181Ia 4500 | ||
|---|---|---|---|
| 001 | 16602 | ||
| 005 | 20260306170321.0 | ||
| 008 | 260306t2025||||xx |||||||||||||| ||und|| | ||
| 041 | _aESP | ||
| 082 |
_a348.8 _bE88 |
||
| 100 |
_aEspinoza Montoya, Cecilia L., _eAUT |
||
| 245 | 0 | _aEl despido como hipótesis de responsabilidad civil | |
| 260 | _c2025 | ||
| 300 |
_a335 páginas : _c25 cm. |
||
| 650 | _aGEN | ||
| 654 | _aCDE | ||
| 942 |
_cLIB _dJUS _fJUS _2ddc _n |
||
| 999 |
_c16602 _d16602 |
||